Statistiche per Riconosci lo Stato - Quiz n°104

Clicka qui per fare il quiz!

Statistiche generali

  • Questo quiz è stato fatto 5 volte
  • Il punteggio medio è 11 su 12

Statistiche sulle risposte

IndizioRisposta% Corretto
Superficie112 492 km²
100%
ValutaLempira
100%
Iniziale della CapitaleT
100%
Fuso OrarioUTC-6
100%
Presidente della RepubblicaXiomara Castro
100%
ISU0,625
80%
Tasso di crescita1,5%
80%
PIL (nominale)18 500 milioni di $
80%
Popolazione9 636 510 ab.
80%
Indipendenzadalla Spagna, il 15 settembre 1821
80%
RispostaHonduras
80%
Forma di GovernoRepubblica presidenziale
80%

Distribuzione punteggi

Percentile per numero di risposta

Percentuale di utenti per punteggio

I tuoi punteggi nel tempo

Non hai fatto questo quiz